000 02313nam0a22003851 4500
001 RU\NLR\INFOCOMM_195\5000035060
005 20250613091722.0
035 _a(NLR Aleph) 009127007
090 _a8253607
_c8253607
100 _a20090506d1970 |||y0rusy50 ca
101 0 _aeng
_dfre
_drus
_ifre
_ieng
_irus
102 _aRU
105 _aa ||||000|y
200 1 _aProblems of automation and remote control of complex plants in gas transmission networks
_dПроблемы автоматизации и дистанционного управления газотранспортных систем
_dProblèmes d'automatisation et de télécommande dans des réseaux de transport du gaz
_fU. W. Binder (Federal Republic of Germany)
_g11th International gas conference, [Moscow, 9th to 13th June, 1970]
_zfre
_zrus
210 _aМ.
_d1970
215 _a64 с.
_cил.
_d20 см
300 _aПоясн. текст на англ., франц. и рус. яз.
300 _aРезюме на франц. и рус. яз.
300 _aЗагл. и надзаголовок также на франц. и рус. яз.
300 _aЗагл. на франц. яз.: Problèmes d'automatisation et de télécommande dans des réseaux de transport du gaz; на рус. яз.: Проблемы автоматизации и дистанционного управления газотранспортных систем
309 _aОтпечат. множит. аппаратом "IGU/C19-70"
320 _aБиблиогр.: с. 46
510 1 _aProblèmes d'automatisation et de télécommande dans des réseaux de transport du gaz
_zfre
510 1 _aПроблемы автоматизации и дистанционного управления газотранспортных систем
_zrus
606 _aГазопроводы магистральные
_xАвтоматизация
_2nlr_sh1
606 _aГазопроводы магистральные
_xДистанционное управление
_2nlr_sh1
686 _aО76-05
_2rubbk
686 _aТ29-464
_2rubbk
700 1 _aBinder
_bU. W.
_4070
712 1 2 _aInternational gas conference
_d11
_eMoscow
_f1970
_4000
801 1 _aRU
_bNLR
_c20090506
801 0 _aRU
_bNLR
_gPSBO
852 _aNLR
_jТ87 Д-4/7
942 _cBOOK
980 _aNB